| 000 | 01907nam a22003257a 4500 | ||
|---|---|---|---|
| 999 |
_c21775 _d21775 |
||
| 003 | AR-CdUCM | ||
| 008 | 190425b ||||| |||| 00| 0 spa d | ||
| 040 |
_aMUNICIPALIDAD PROVINCIAL DEL CUSCO _cBIBLIOTECA MUNICIPAL DEL CUSCO |
||
| 082 | _aRev.Univ/N°120/1961 | ||
| 110 |
_aUniversidad Nacional de San Antonio Abad del Cusco _915942 |
||
| 245 |
_aRevista Universitaria : _bÓrgano de la Universidad del Cuzco / |
||
| 260 |
_aCusco : _bH.G. Rozas, _c1961. |
||
| 300 |
_a396 páginas. : _c20 cm. |
||
| 440 |
_aRevista Universitaria _nAño XLIX, 1° semestre 1961, N°120. _946039 |
||
| 505 | _aContenido: Panorama fitogeográfico del Perú. Felipe Marín Moreno. -- Relaciones de trabajo entre el patrón y los colonos de los fundos de la provincia de Paucartambo. Gustavo Palacios. -- Números índices mensuales de artículos de primera necesidad al por menor para la ciudad del Cuzco. Gustavo Núñez del Prado. -- Antropología del indígena cuzqueño. Sergio Quevedo Aragón. -- Características de resistencia de nuestras maderas regionales. Eduardo Marmanillo. -- Un acceso químico a la taxonomía. Jorge Kuon Cabello. -- Nueva localidad de Sanguinus imperator. Ismael Cabello Bendezú. -- Extracto y versión paleográfica del segundo libro de Cabildo. Jesús Manuel Covarrubias Pozo... | ||
| 650 |
_aAntropología cusqueña _945862 |
||
| 650 |
_aLibro de Cabildo Cusco _946037 |
||
| 650 |
_aFitogeografía peruana _946040 |
||
| 650 |
_aLatifundio Paucartambo _946041 |
||
| 650 |
_aIndigenismo _9208 |
||
| 700 |
_aNúñez del Prado, Gustavo _924114 |
||
| 700 |
_aMarín Moreno, Felipe _946018 |
||
| 700 |
_aQuevedo Aragón, Sergio _946042 |
||
| 700 |
_aKuon Cabello, Jorge _931347 |
||
| 700 |
_aCeballos Bendezú, Ismael _946045 |
||
| 700 |
_aCovarrubias Pozo, Jesús _946044 |
||
| 710 |
_aUniversidad Nacional de San Antonio Abad del Cusco _915942 |
||
| 942 |
_2ddc _cPP |
||
| 945 | _arac | ||